[Plan of Lincolns Inn Fields and surrounding area showing the site for the Chartered Auctioneers' and Estate Agents' building at 29 Lincolns Inn Fields] (Record no. 116561)
[ view plain ]
| 000 -LEADER | |
|---|---|
| fixed length control field | 00701ckm a22002055a 4500 |
| 001 - CONTROL NUMBER | |
| control field | L141038 |
| 008 - FIXED-LENGTH DATA ELEMENTS--GENERAL INFORMATION | |
| fixed length control field | 071025s1921 xxk eng u |
| 035 ## - SYSTEM CONTROL NUMBER | |
| System control number | (Sirsi) u141038 |
| 041 0# - LANGUAGE CODE | |
| Language code of text/sound track or separate title | eng |
| 245 01 - TITLE STATEMENT | |
| Title | [Plan of Lincolns Inn Fields and surrounding area showing the site for the Chartered Auctioneers' and Estate Agents' building at 29 Lincolns Inn Fields] |
| Medium | [graphic] |
| 260 ## - PUBLICATION, DISTRIBUTION, ETC. | |
| Place of publication, distribution, etc. | S.l. |
| Name of publisher, distributor, etc. | s.n. |
| Date of publication, distribution, etc. | 1921 |
| 300 ## - PHYSICAL DESCRIPTION | |
| Extent | 1 sheet |
| Dimensions | 22 x 28 cm. |
| 340 ## - PHYSICAL MEDIUM | |
| Material base and configuration | Printed |
| 351 ## - ORGANIZATION AND ARRANGEMENT OF MATERIALS | |
| Hierarchical level | Single item |
| 500 ## - GENERAL NOTE | |
| General note | Plan is signed E.H.B. and dated 1921. Library holds nine copies. |
| 610 24 - SUBJECT ADDED ENTRY--CORPORATE NAME | |
| Corporate name or jurisdiction name as entry element | Chartered Auctioneers' and Estate Agents' Institute |
| 651 4# - SUBJECT ADDED ENTRY--GEOGRAPHIC NAME | |
| Geographic name | London |
| 690 ## - LOCAL SUBJECT ADDED ENTRY--TOPICAL TERM (OCLC, RLIN) | |
| Topical term or geographic name as entry element | ABOUT RICS |
| 942 ## - ADDED ENTRY ELEMENTS (KOHA) | |
| Suppress in OPAC | 0 |
| Withdrawn status | Lost status | Source of classification or shelving scheme | Damaged status | Not for loan | Home library | Current library | Shelving location | Date acquired | Total Checkouts | Full call number | Barcode | Date last seen | Copy number | Price effective from | Koha item type |
|---|---|---|---|---|---|---|---|---|---|---|---|---|---|---|---|
| Dewey Decimal Classification | Historic collection | Historic collection | Historic collection | 25/10/2007 | MAP CABINET DRAWER 2 | 141038-2001 | 06/08/2019 | 1 | 06/08/2019 | Archive |